| 000 | 00983nam a22003017a 4500 | ||
|---|---|---|---|
| 003 | CHAP | ||
| 005 | 20220329134604.0 | ||
| 008 | 971013s1958 mx a r 00010 spa d | ||
| 010 | _a22642 | ||
| 011 | _a23614 | ||
| 035 | _a27710 | ||
| 040 | _cCHAP | ||
| 082 | 0 | 0 |
_a338.9723 _bC65 |
| 110 | 1 |
_aComisión de Planeación de la Costa de Jalisco _925687 |
|
| 245 | 1 |
_aBarra de Navidad _b: estudio de un área |
|
| 260 |
_aMéxico : _bOffset Diana, _c1958 |
||
| 300 |
_a99 p. _b: ilus. |
||
| 590 |
_aBATCH-UPD _b10 _c20130110 _lUCH01 _h0932 |
||
| 590 |
_aBATCH-UPD _b10 _c20130410 _lUCH01 _h0551 |
||
| 590 |
_aBATCH-UPD _b10 _c20130914 _lUCH01 _h1916 |
||
| 590 |
_aCONVERSION _b10 _c20130109 _lUCH01 _h1313 |
||
| 650 | 1 | 4 |
_aPlaneación. _988697 |
| 650 | 1 | 4 |
_aPolítica económica _xJalisco. _990512 |
| 901 | _aBK | ||
| 942 | _cLIBRO | ||
| 949 |
_a338.9723 C65 _bBC _cLIBRO _d33724000372264 _eLIBRO _h6689 _i27710 _si |
||
| 949 |
_a338.9723 C65 _bBC _cLIBRO _d33724000372272 _eLIBRO _fc.2 _h6690 _i27710 _si |
||
| 999 |
_c22642 _d22642 |
||